| 000 | 00370nam a2200145Ia 4500 | ||
|---|---|---|---|
| 008 | 231217s9999 xx 000 0 und d | ||
| 041 | _aEnglish | ||
| 082 | _a001.64404 MOH;1 | ||
| 100 | _aMohler, James L Duff, Jon M | ||
| 245 | 0 | _aDesigning interactive web sites | |
| 260 |
_c2000 _bDelmar |
||
| 300 | _axxiv+359 | ||
| 650 | _aInteractive web sites | ||
| 942 | _cAA | ||
| 999 |
_c167617 _d167617 |
||